[Event "ICS rated blitz match"]
[Site "204.178.125.65"]
[Date "2000.09.08"]
[Round "?"]
[White "ban"]
[Black "Hossa"]
[Result "1/2-1/2"]
[WhiteElo "2820"]
[BlackElo "2582"]
[PlyCount "135"]
[EventDate "2000.??.??"]

1. e4 e5 2. Nf3 Nc6 3. Bb5 a6 4. Ba4 Nf6 5. O-O Be7 6. Re1 b5 7. Bb3 d6 8. c3
O-O 9. h3 Bb7 10. d4 Re8 11. Nbd2 Bf8 12. a3 h6 13. Bc2 Nb8 14. b4 Nbd7 15. Bb2
g6 16. Rb1 c6 17. Nb3 Rc8 18. dxe5 dxe5 19. Na5 Ba8 20. Qe2 c5 21. Rbd1 Qc7 22.
Bb1 c4 23. Nd2 Nh5 24. g3 Bg7 25. a4 Nhf6 26. Qe3 Rcd8 27. Nf3 bxa4 28. Ba3 Bf8
29. Nd2 Nb6 30. Kh2 Re6 31. Nf3 Rxd1 32. Rxd1 Bg7 33. Qe2 Ne8 34. Nd2 Nd6 35.
Ba2 Re8 36. Qe3 Rd8 37. Ra1 h5 38. Bb2 h4 39. gxh4 Kf8 40. f3 Kg8 41. h5 gxh5
42. Rg1 f6 43. Qh6 Qf7 44. Rg2 Kf8 45. Qh7 Rd7 46. Ba3 Ke8 47. Rg6 f5 48. Qxh5
fxe4 49. Nxe4 Bxe4 50. fxe4 Qf4+ 51. Kg1 Kd8 52. Rxd6 Rxd6 53. Nb7+ Kd7 54.
Nxd6 Qe3+ 55. Kf1 Qf4+ 56. Ke2 Qh2+ 57. Kf1 Qxa2 58. Qd1 Ke6 59. Ne8 Bh8 60.
Bc1 Qb1 61. Nc7+ Kf7 62. Qh5+ Ke7 63. Qh7+ Kd6 64. Ne8+ Ke6 65. Nc7+ Kd6 66.
Ne8+ Ke6 67. Nc7+ Kd6 68. Ne8+ 1/2-1/2

[Event "ICS rated blitz match"]
[Site "204.178.125.65"]
[Date "2000.09.08"]
[Round "?"]
[White "Hossa"]
[Black "Tinker"]
[Result "1/2-1/2"]
[WhiteElo "2592"]
[BlackElo "2560"]
[PlyCount "88"]
[EventDate "2000.??.??"]

1. d4 d5 2. c4 dxc4 3. Nf3 Nf6 4. e3 b5 5. Be2 e6 6. O-O Bd6 7. Nc3 Ba6 8. a3
Nc6 9. e4 e5 10. Bxc4 bxc4 11. dxe5 Nxe5 12. Nxe5 O-O 13. Nf3 Bb7 14. Qe2 Re8
15. Bg5 h6 16. Bxf6 Qxf6 17. Rfe1 Ba6 18. Rad1 Rad8 19. Nd5 Qe6 20. Nd4 Qg6 21.
Kh1 Bxa3 22. Nxc7 Bb4 23. Nf5 Rc8 24. Nxe8 Rxe8 25. Qe3 Qf6 26. Rg1 Bb7 27. Ng3
Bd6 28. Qxa7 Bxg3 29. fxg3 Bxe4 30. Rgf1 Qg6 31. Qc7 Bd3 32. Rde1 Ra8 33. Ra1
Rf8 34. Rf2 Qe6 35. Rd1 Re8 36. h3 Qd5 37. g4 f6 38. Kg1 Qd4 39. Qb7 Re2 40.
Qc8+ Kh7 41. Qf5+ Kg8 42. Qc8+ Kh7 43. Qf5+ Kg8 44. Qc8+ Kh7 1/2-1/2

[Event "ICS rated standard match"]
[Site "204.178.125.65"]
[Date "2000.09.08"]
[Round "?"]
[White "WoodenPupa"]
[Black "Hossa"]
[Result "0-1"]
[WhiteElo "2018"]
[BlackElo "2314"]
[PlyCount "59"]
[EventDate "2000.??.??"]

1. e4 e5 2. Nf3 Nc6 3. Bb5 a6 4. Ba4 Nf6 5. O-O Be7 6. Re1 b5 7. Bb3 d6 8. h3
O-O 9. c3 Na5 10. Bc2 c5 11. b3 Nc6 12. d3 b4 13. c4 Nd7 14. Nbd2 Nb6 15. Nf1
f5 16. exf5 Bxf5 17. Ng3 Bd7 18. Ne4 Qe8 19. Bg5 Qf7 20. Bxe7 Qxe7 21. Nfg5 Nd4
22. Re3 d5 23. Nxh7 Kxh7 24. Qh5+ Kg8 25. Ng5 Bf5 26. Rae1 Nxc2 27. Rxe5 Qf6
28. Re6 Nxe1 29. Rxf6 Rxf6 30. g4 {WoodenPupa resigns} 0-1

[Event "ICS rated standard match"]
[Site "204.178.125.65"]
[Date "2000.09.08"]
[Round "?"]
[White "Hossa"]
[Black "WoodenPupa"]
[Result "1-0"]
[WhiteElo "2319"]
[BlackElo "2013"]
[PlyCount "77"]
[EventDate "2000.??.??"]

1. e4 Nf6 2. e5 Nd5 3. d4 d6 4. c4 Nb6 5. exd6 cxd6 6. Be3 g6 7. d5 Bg7 8. Nc3
N8d7 9. Nf3 O-O 10. Be2 Ne5 11. Nxe5 Bxe5 12. Bh6 Bf5 13. Bxf8 Qxf8 14. Qb3 Nd7
15. Na4 a6 16. g4 b5 17. gxf5 bxa4 18. Qe3 Bxb2 19. Rb1 a3 20. fxg6 hxg6 21. f4
Qg7 22. Qxe7 Qc3+ 23. Kf2 Nf6 24. Qe3 Qc2 25. Qd3 Qa4 26. f5 Re8 27. fxg6 Ne4+
28. Kg2 Re5 29. gxf7+ Kf8 30. Bg4 Nf6 31. Be6 Rg5+ 32. Kf3 Qa5 33. Qb3 Qd8 34.
h4 Rg7 35. h5 Nxd5 36. Bxd5 Qf6+ 37. Ke2 Qe5+ 38. Qe3 Qxe3+ 39. Kxe3 {
WoodenPupa resigns} 1-0

[Event "ICS rated blitz match"]
[Site "204.178.125.65"]
[Date "2000.09.08"]
[Round "?"]
[White "PostModernist"]
[Black "Hossa"]
[Result "1-0"]
[WhiteElo "2664"]
[BlackElo "2591"]
[PlyCount "111"]
[EventDate "2000.??.??"]

1. d4 Nf6 2. c4 e6 3. Nf3 b6 4. g3 Ba6 5. b3 Bb4+ 6. Bd2 Be7 7. Nc3 d5 8. cxd5
exd5 9. Bg2 O-O 10. O-O Ne4 11. Ne5 Nxd2 12. Qxd2 c6 13. Rfd1 Re8 14. Qf4 Bf6
15. Ng4 Bg5 16. Qf3 Nd7 17. e4 dxe4 18. Nxe4 Be7 19. d5 cxd5 20. Rxd5 Bc8 21.
Rad1 Qc7 22. Nd6 Bxd6 23. Rxd6 Rb8 24. Qc6 Rb7 25. Ne3 Qd8 26. Qxb7 Bxb7 27.
Rxd7 Qg5 28. Rxb7 Qa5 29. Rdd7 Qxa2 30. Rxf7 Qa1+ 31. Bf1 Kh8 32. Nf5 Rg8 33.
Nxg7 Qxg7 34. Rxg7 Rxg7 35. Rb8+ Rg8 36. Rxg8+ Kxg8 37. Kg2 Kf7 38. Kf3 Ke6 39.
Kf4 Kf7 40. g4 Kf8 41. g5 Kg7 42. Be2 h6 43. h4 Kf7 44. Bc4+ Kg7 45. Bd3 hxg5+
46. Kxg5 Kg8 47. h5 Kg7 48. h6+ Kg8 49. Kg6 b5 50. h7+ Kf8 51. h8=Q+ Ke7 52.
Qe5+ Kd7 53. Bxb5+ Kc8 54. Qd6 Kb7 55. Ba6+ Ka8 56. Qd8# {Hossa checkmated} 1-0

[Event "ICS Rated blitz match"]
[Site "204.178.125.65"]
[Date "2000.09.08"]
[Round "?"]
[White "Hossa"]
[Black "PostModernist"]
[Result "0-1"]
[WhiteElo "2578"]
[BlackElo "2677"]
[PlyCount "110"]
[EventDate "2000.??.??"]

1. e4 g6 2. d4 Bg7 3. Nf3 d6 4. Nc3 a6 5. Bd3 Bg4 6. Be3 Nf6 7. h3 Bxf3 8. Qxf3
Nc6 9. O-O-O e5 10. d5 Nd4 11. Qg3 O-O 12. h4 c6 13. f4 Nh5 14. Qf2 Nxf4 15.
Bxf4 exf4 16. Kb1 Be5 17. h5 Qf6 18. hxg6 fxg6 19. Na4 cxd5 20. Nb6 dxe4 21.
Bxe4 Rad8 22. Bxb7 Nf5 23. Nc4 Rb8 24. Bd5+ Kh8 25. b3 Qg7 26. Rh3 h6 27. Rdh1
h5 28. Nxe5 dxe5 29. c4 Ng3 30. Rd1 Rbe8 31. Qc5 e4 32. Qa5 e3 33. Bc6 e2 34.
Re1 Qe5 35. Qd2 Rd8 36. Bd5 Kg7 37. Qd3 Rfe8 38. a3 Qf6 39. Kc2 Re3 40. Qd2 Rb8
41. b4 Rxa3 42. c5 Qf5+ 43. Kc1 Ra1+ 44. Kb2 Rxe1 45. Qxe1 Qxd5 46. Qc3+ Kh7
47. Ka3 Qd1 48. Rh4 Ne4 49. Rxf4 Nxc3 50. Rf7+ Kg8 51. Rb7 Qa1+ 52. Kb3 Qa2+
53. Kxc3 e1=Q+ 54. Kd4 Rd8+ 55. Rd7 Rxd7# {Hossa checkmated} 0-1

[Event "ICS rated standard match"]
[Site "204.178.125.65"]
[Date "2000.09.08"]
[Round "?"]
[White "Tinker"]
[Black "Hossa"]
[Result "0-1"]
[WhiteElo "2374"]
[BlackElo "2324"]
[PlyCount "104"]
[EventDate "2000.??.??"]

1. d4 d5 2. Nc3 e6 3. e4 dxe4 4. Nxe4 Qd5 5. Nc3 Bb4 6. Qg4 Nc6 7. Nf3 g6 8.
Qf4 Qa5 9. Bd2 Bd7 10. Bc4 Bd6 11. Qe3 Nb4 12. O-O-O b5 13. Bb3 Qb6 14. Ne5 Rd8
15. Qe2 Bxe5 16. dxe5 a5 17. Ne4 h6 18. Bxb4 axb4 19. Qd2 c5 20. Qe3 h5 21. f3
Qa7 22. Rd3 Ra8 23. Nxc5 Bc6 24. Rhd1 Bd5 25. Rxd5 exd5 26. Rxd5 Rc8 27. Qd4
Nh6 28. Qxb4 O-O 29. Qxb5 Qe7 30. Nd7 Rfd8 31. g3 Kh8 32. Qd3 h4 33. Qd2 Kg7
34. g4 h3 35. Rd6 Kh7 36. Nb6 Rb8 37. Nd7 Rbc8 38. Kb1 Kg7 39. Qd4 Kh8 40. e6+
f6 41. g5 Nf5 42. gxf6 Qxd6 43. Qxd6 Nxd6 44. c4 Nf5 45. Ne5 Rd2 46. Bc2 Nd4
47. e7 Re2 48. Nxg6+ Kg8 49. Bd1 Re1 50. Kc1 Nxf3 51. Nf8 Rxc4+ 52. Kb1 Rxd1# {
Tinker checkmated} 0-1

[Event "ICS rated blitz match"]
[Site "204.178.125.65"]
[Date "2000.09.08"]
[Round "?"]
[White "riffifi"]
[Black "Hossa"]
[Result "0-1"]
[WhiteElo "2235"]
[BlackElo "2566"]
[PlyCount "65"]
[EventDate "2000.??.??"]

1. d4 d5 2. g3 Nf6 3. Bg2 g6 4. Nf3 Bg7 5. O-O O-O 6. b3 c5 7. e3 Ne4 8. c3 Nc6
9. Bb2 cxd4 10. exd4 Bg4 11. h3 Bf5 12. Nbd2 Nxd2 13. Nxd2 Qd7 14. Kh2 e5 15.
dxe5 Nxe5 16. Nf3 Nd3 17. Qd2 Nxb2 18. Qxb2 Rfc8 19. Rac1 Be4 20. Qd2 Qe7 21.
Rfe1 Qc5 22. Nd4 Bxg2 23. Kxg2 Re8 24. Re3 Rxe3 25. Qxe3 Rc8 26. Ne2 Qb5 27. c4
dxc4 28. a4 Qc6+ 29. Kh2 Re8 30. Qd2 Qf3 31. Ng1 Qxb3 32. Qd7 Rf8 33. Nf3 {
riffifi resigns} 0-1

[Event "ICS rated standard match"]
[Site "204.178.125.65"]
[Date "2000.09.08"]
[Round "?"]
[White "Hossa"]
[Black "matemastr"]
[Result "1-0"]
[WhiteElo "2342"]
[BlackElo "2532"]
[PlyCount "113"]
[EventDate "2000.??.??"]

1. e4 c5 2. Nf3 d6 3. d4 cxd4 4. Nxd4 Nf6 5. Nc3 e6 6. g3 a6 7. Bg2 Qc7 8. Bg5
Be7 9. Qf3 Bd7 10. O-O Nc6 11. Qd1 O-O 12. a3 Rac8 13. Nxc6 Bxc6 14. Re1 Rfd8
15. Qe2 d5 16. e5 Ne8 17. Qg4 Bxg5 18. Qxg5 d4 19. Ne4 Rd5 20. c4 Rxe5 21. Nf6+
Nxf6 22. Qxe5 Qxe5 23. Rxe5 Bxg2 24. Kxg2 Rxc4 25. Ree1 g5 26. Rec1 Rxc1 27.
Rxc1 g4 28. Rc4 e5 29. Rc7 b5 30. Ra7 d3 31. Kf1 Ne4 32. Rxa6 Kf8 33. Ke1 Ke7
34. Ra5 Nd6 35. b3 Ke6 36. a4 bxa4 37. bxa4 Ne4 38. Ra6+ Kd5 39. Ra7 f6 40.
Rxh7 Kc4 41. a5 d2+ 42. Kd1 Kb5 43. Ra7 Kc6 44. a6 Kb6 45. Ra8 Ka5 46. a7 Kb6
47. Rb8+ Kxa7 48. Rb4 Nxf2+ 49. Kxd2 f5 50. Rb5 f4 51. Rxe5 f3 52. Re3 Kb6 53.
Ke1 Nh1 54. Re4 Kc7 55. Rxg4 Kd6 56. Rf4 f2+ 57. Rxf2 {matemastr resigns} 1-0

[Event "ICS rated standard match"]
[Site "204.178.125.65"]
[Date "2000.09.08"]
[Round "?"]
[White "Hossa"]
[Black "Tinker"]
[Result "1-0"]
[WhiteElo "2366"]
[BlackElo "2356"]
[PlyCount "71"]
[EventDate "2000.??.??"]

1. e4 e5 2. Nf3 d5 3. exd5 Qxd5 4. Nc3 Qe6 5. Be2 Nc6 6. O-O Bc5 7. Bb5 Nge7 8.
d4 exd4 9. Nxd4 Bxd4 10. Qxd4 O-O 11. Qf4 Ne5 12. Rd1 N7g6 13. Qg5 c6 14. Be2
b6 15. Ne4 Qf5 16. f3 c5 17. Rd8 Rxd8 18. Qxd8+ Nf8 19. Qd5 Rb8 20. Nd6 Qe6 21.
Qxe6 Bxe6 22. f4 Nc6 23. f5 Bd5 24. c4 Nd4 25. Bh5 g6 26. cxd5 gxh5 27. Bg5 h6
28. Bh4 b5 29. Re1 b4 30. Re3 Rb6 31. Be7 Nd7 32. Kf1 Ra6 33. Rg3+ Kh7 34. f6
Rxa2 35. Rg7+ Kh8 36. Nxf7# {Tinker checkmated} 1-0

[Event "ICS Rated standard match"]
[Site "204.178.125.65"]
[Date "2000.09.08"]
[Round "?"]
[White "chuda"]
[Black "Hossa"]
[Result "0-1"]
[WhiteElo "2107"]
[BlackElo "2369"]
[PlyCount "35"]
[EventDate "2000.??.??"]

1. e4 g6 2. d4 Bg7 3. Nc3 e6 4. f4 Ne7 5. Nf3 O-O 6. Be3 d5 7. e5 f6 8. Qd2
fxe5 9. fxe5 c5 10. Nb5 cxd4 11. Bxd4 Nbc6 12. c3 a6 13. Nd6 Qc7 14. Nxc8 Raxc8
15. Be2 Nxe5 16. Qg5 Nxf3+ 17. Bxf3 Bxd4 18. cxd4 {chuda resigns} 0-1

[Event "ICS rated blitz match"]
[Site "204.178.125.65"]
[Date "2000.09.08"]
[Round "?"]
[White "Hossa"]
[Black "Tinker"]
[Result "1-0"]
[WhiteElo "2571"]
[BlackElo "2506"]
[PlyCount "161"]
[EventDate "2000.??.??"]

1. e4 e5 2. Nf3 d6 3. d4 Nf6 4. Nc3 Bg4 5. dxe5 Bxf3 6. gxf3 Nfd7 7. exd6 Bxd6
8. Nb5 Be5 9. f4 Bf6 10. e5 Be7 11. Bh3 a6 12. Nc3 O-O 13. Qg4 Kh8 14. Be3 Nb6
15. Rg1 Rg8 16. Rd1 Qf8 17. Bg2 Nc6 18. Bxb6 cxb6 19. Rd7 Rd8 20. Be4 Rxd7 21.
Qxd7 Nb8 22. Qxb7 b5 23. a4 bxa4 24. Nxa4 Qd8 25. Nc3 Rf8 26. Nd5 Bh4 27. e6
Qa5+ 28. Ke2 Qc5 29. Ne3 Qb5+ 30. Qxb5 axb5 31. Rg4 Bf6 32. f5 fxe6 33. fxe6
Re8 34. Bd5 Na6 35. c3 Nc5 36. e7 Bxe7 37. Bc6 Rb8 38. Nf5 Bf8 39. Nd4 b4 40.
Nf3 bxc3 41. bxc3 Rb2+ 42. Ke3 Nb3 43. Rg2 Bc5+ 44. Kf4 Rc2 45. Ng5 Rxc3 46.
Bd5 Nd4 47. Nf7+ Kg8 48. Ne5+ Kh8 49. Ke4 h6 50. f4 Nc2 51. Ng6+ Kh7 52. Bf7
Re3+ 53. Kd5 Ne1 54. Rg3 Bb6 55. Rg4 Rd3+ 56. Kc4 Rd4+ 57. Kb5 Bc7 58. Nf8+ Kh8
59. Ne6 Rd6 60. Rg3 Nc2 61. Kc5 Rxe6 62. Bxe6 Bxf4 63. Rf3 Ne1 64. Rf1 Ng2 65.
Bh3 Be3+ 66. Kd5 Nh4 67. Be6 Kh7 68. Ke4 Bc5 69. Rf4 Ng2 70. Rg4 Ne1 71. Kd5
Be3 72. Bf5+ g6 73. Rxg6 Kh8 74. Rg3 Bf4 75. Rg1 Nf3 76. Rf1 Bxh2 77. Rxf3 Kg7
78. Ke6 Bb8 79. Rf2 h5 80. Rg2+ Kh6 81. Rg6+ {Tinker resigns} 1-0

[Event "ICS rated blitz match"]
[Site "204.178.125.65"]
[Date "2000.09.09"]
[Round "?"]
[White "Tinker"]
[Black "Hossa"]
[Result "0-1"]
[WhiteElo "2493"]
[BlackElo "2584"]
[PlyCount "92"]
[EventDate "2000.??.??"]

1. d4 d5 2. Nc3 e6 3. e4 dxe4 4. Nxe4 Qd5 5. f3 Nc6 6. Be3 e5 7. Ne2 Qa5+ 8.
Bd2 Qb6 9. dxe5 Nxe5 10. Nf4 Ne7 11. Qe2 Bd7 12. Bc3 N5g6 13. Nf6+ gxf6 14. Nd5
Nf4 15. Nxb6 Nxe2 16. Nxa8 Nxc3 17. bxc3 Nd5 18. Rd1 c6 19. Bc4 Ne3 20. Bxf7+
Ke7 21. Kf2 Nxd1+ 22. Rxd1 Bh6 23. Nc7 Rc8 24. Na6 bxa6 25. Bc4 Bf5 26. Bxa6
Rb8 27. Re1+ Kd7 28. Re2 Rb2 29. Bc4 Bf4 30. g4 Bg6 31. h4 Rxc2 32. h5 Rxe2+
33. Kxe2 Bc2 34. Bd3 Bxd3+ 35. Kxd3 Be5 36. c4 Kd6 37. Ke4 Bb2 38. Kf5 Kc5 39.
f4 Kxc4 40. g5 fxg5 41. fxg5 c5 42. h6 Kd5 43. Kg4 c4 44. Kh3 c3 45. Kg4 c2 46.
a3 c1=Q {Tinker resigns} 0-1

[Event "ICS rated blitz match"]
[Site "204.178.125.65"]
[Date "2000.09.09"]
[Round "?"]
[White "Hossa"]
[Black "BoohKoo"]
[Result "0-1"]
[WhiteElo "2596"]
[BlackElo "2748"]
[PlyCount "110"]
[EventDate "2000.??.??"]

1. d4 d5 2. c4 c6 3. Nf3 Nf6 4. Nbd2 Bf5 5. Qb3 Qc7 6. g3 e6 7. Bg2 Bd6 8. Nh4
O-O 9. Nxf5 exf5 10. e3 dxc4 11. Nxc4 Be7 12. Qc2 Qd7 13. O-O Na6 14. Bd2 Rae8
15. Bh3 g6 16. Bg2 Qe6 17. Ne5 Bd6 18. Nd3 Ne4 19. Ba5 b6 20. Be1 Nb8 21. f3
Ng5 22. Bd2 f6 23. a3 Kg7 24. b3 h6 25. Nb2 c5 26. Nd3 cxd4 27. exd4 Rc8 28.
Qb2 Nc6 29. f4 Ne4 30. Rfe1 Qf7 31. Rad1 Rfe8 32. Be3 Na5 33. Nc1 Qe7 34. a4
Bb4 35. Bd2 Bxd2 36. Rxe4 fxe4 37. Qxd2 e3 38. Qe2 Qa3 39. Qe1 Nxb3 40. Nxb3
Qxb3 41. Ra1 e2 42. Bb7 Rc7 43. Ba6 Qb2 44. Kg2 Qxa1 45. Qxa1 e1=Q 46. Qa2 Qe4+
47. Kh3 Qf5+ 48. Kg2 Rc2+ 49. Qxc2 Qxc2+ 50. Kh3 Re1 51. Bb5 Rh1 52. Kg4 f5+
53. Kf3 Qe4+ 54. Kf2 Rxh2+ 55. Kg1 Qg2# {Hossa checkmated} 0-1

[Event "ICS rated standard match"]
[Site "204.178.125.65"]
[Date "2000.09.09"]
[Round "?"]
[White "Hossa"]
[Black "nitmo"]
[Result "0-1"]
[WhiteElo "2375"]
[BlackElo "1979"]
[PlyCount "74"]
[EventDate "2000.??.??"]

1. e4 e5 2. Nf3 Nc6 3. Nc3 Nf6 4. Nxe5 Nxe5 5. d4 Nc6 6. d5 Bb4 7. dxc6 bxc6 8.
Qd4 Bxc3+ 9. Qxc3 O-O 10. f3 Re8 11. Bd3 d5 12. Qxc6 Bd7 13. Qb7 Rb8 14. Qxa7
dxe4 15. fxe4 Nxe4 16. O-O Bc6 17. b3 Ra8 18. Qe3 Nc3 19. Bxh7+ Kxh7 20. Qxc3
Qd5 21. Qd2 Qc5+ 22. Qf2 Qxf2+ 23. Kxf2 Ra5 24. a4 Rae5 25. Kg3 f6 26. Ra2 Re1
27. Rxe1 Rxe1 28. Bf4 Re2 29. Bxc7 g5 30. Kh3 Rxg2 31. Bb6 Kg6 32. c3 Rxa2 33.
b4 Rg2 34. b5 Bf3 35. Be3 Kh5 36. Bxg5 fxg5 37. c4 g4# {Hossa checkmated} 0-1

[Event "ICS rated blitz match"]
[Site "204.178.125.65"]
[Date "2000.09.09"]
[Round "?"]
[White "Tinker"]
[Black "Hossa"]
[Result "1/2-1/2"]
[WhiteElo "2483"]
[BlackElo "2587"]
[PlyCount "81"]
[EventDate "2000.??.??"]

1. d4 Nf6 2. Bf4 e6 3. e3 d5 4. a3 Bd6 5. Bxd6 Qxd6 6. Nc3 O-O 7. g4 c5 8. g5
Nfd7 9. Nf3 cxd4 10. Nb5 Qb6 11. Qxd4 Qd8 12. O-O-O a6 13. Nd6 Qc7 14. Nxc8
Rxc8 15. Bd3 Nc5 16. Kb1 Nxd3 17. Qxd3 Nd7 18. Rhg1 b5 19. Qe2 Qc5 20. e4 Ra7
21. Rd2 Nb6 22. exd5 Nxd5 23. Qe4 a5 24. Rg4 Ra6 25. Qd3 Rd6 26. Rh4 g6 27. Rd4
Rc7 28. Ne5 Nf4 29. Qe4 Nd5 30. Qd3 b4 31. Nc4 Nf4 32. Qe4 Rxd4 33. Qxd4 Nd5
34. Qxc5 Rxc5 35. Nd6 Rc6 36. Ne4 bxa3 37. bxa3 Rb6+ 38. Ka2 Rc6 39. Kb1 Rb6+
40. Ka2 Rc6 41. Kb1 1/2-1/2

[Event "ICS rated standard match"]
[Site "204.178.125.65"]
[Date "2000.09.09"]
[Round "?"]
[White "Hossa"]
[Black "TheSinger"]
[Result "1-0"]
[WhiteElo "2346"]
[BlackElo "1950"]
[PlyCount "61"]
[EventDate "2000.??.??"]

1. e4 g6 2. d4 c6 3. Nf3 Bg7 4. Bd3 d5 5. e5 Bg4 6. h3 Bxf3 7. Qxf3 Nh6 8. O-O
f6 9. e6 O-O 10. c3 Na6 11. Bxa6 bxa6 12. Nd2 Nf5 13. Nb3 a5 14. Nc5 a6 15. a4
Nd6 16. h4 Ra7 17. h5 Qe8 18. Qh3 f5 19. Nd7 Rxd7 20. exd7 Qxd7 21. hxg6 hxg6
22. Re1 Ne4 23. f3 Nd6 24. Bg5 Re8 25. Qg3 Kf7 26. Re2 Bf6 27. Bxf6 Kxf6 28.
Qh4+ Kg7 29. Rae1 Nc8 30. Re6 Rh8 31. Rxe7+ {TheSinger resigns} 1-0

[Event "ICS rated blitz match"]
[Site "204.178.125.65"]
[Date "2000.09.09"]
[Round "?"]
[White "Hossa"]
[Black "osmar920"]
[Result "1-0"]
[WhiteElo "2598"]
[BlackElo "1922"]
[PlyCount "87"]
[EventDate "2000.??.??"]

1. d4 d5 2. Nf3 e6 3. Bg5 Be7 4. Bxe7 Nxe7 5. e3 b6 6. c4 dxc4 7. Bxc4 Bb7 8.
Nc3 O-O 9. O-O Nd7 10. Qe2 Nf6 11. e4 Ng6 12. Rac1 a6 13. Qc2 Rc8 14. b4 c5 15.
bxc5 bxc5 16. d5 exd5 17. exd5 Qd6 18. Rfd1 Ng4 19. Ne4 Qf4 20. Rb1 Ba8 21.
Bxa6 Rcd8 22. Bb7 Rfe8 23. Bxa8 Rxa8 24. Ng3 N6e5 25. Nxe5 Rxe5 26. Qxc5 Rae8
27. Ra1 Qh6 28. h3 Nf6 29. Qc4 Qg5 30. h4 Qg4 31. Qxg4 Nxg4 32. d6 Rd8 33. a4
f5 34. Ra2 f4 35. Ne2 Rde8 36. d7 Rd8 37. Rc2 Kf7 38. Rc8 Ke7 39. Rxd8 Kxd8 40.
Nd4 Rd5 41. Nc6+ Kxd7 42. Rxd5+ Kxc6 43. Rg5 Nf6 44. Rxg7 {osmar920 resigns}
1-0

[Event "ICS rated blitz match"]
[Site "204.178.125.65"]
[Date "2000.09.09"]
[Round "?"]
[White "osmar920"]
[Black "Hossa"]
[Result "0-1"]
[WhiteElo "1921"]
[BlackElo "2599"]
[PlyCount "48"]
[EventDate "2000.??.??"]

1. d4 d5 2. Nf3 Nf6 3. e3 e6 4. Bd3 c5 5. b3 Nbd7 6. Bb2 cxd4 7. exd4 Nh5 8.
O-O Nf4 9. Ne5 Qg5 10. Qf3 Nxe5 11. dxe5 Nxd3 12. cxd3 Bd7 13. d4 Rc8 14. Nc3
Qd2 15. Rab1 Bb4 16. Rfd1 Rxc3 17. Bxc3 Qxc3 18. Qg4 O-O 19. Rdc1 Qd3 20. Rd1
Qc2 21. Rbc1 Qxa2 22. Rc7 Bc6 23. h4 Ba5 24. Re7 Bd8 {osmar920 resigns} 0-1

[Event "ICS rated blitz match"]
[Site "204.178.125.65"]
[Date "2000.09.09"]
[Round "?"]
[White "Hossa"]
[Black "matmaster"]
[Result "1-0"]
[WhiteElo "2600"]
[BlackElo "1919"]
[PlyCount "63"]
[EventDate "2000.??.??"]

1. d4 c5 2. e4 cxd4 3. c3 dxc3 4. Nxc3 e6 5. Nf3 Bc5 6. Bc4 Ne7 7. a3 a6 8. b4
Ba7 9. Bf4 O-O 10. Bd6 Nbc6 11. Bb3 Re8 12. O-O Ng6 13. Rc1 b5 14. Qd2 Bb7 15.
Rfd1 Kh8 16. a4 bxa4 17. Bxa4 Bb8 18. Rb1 Bxd6 19. Qxd6 Qb6 20. b5 axb5 21.
Bxb5 Qa7 22. Qxd7 Rad8 23. Qc7 Rxd1+ 24. Rxd1 Nge7 25. Bxc6 Nxc6 26. Qxf7 Qb8
27. Rd7 Re7 28. Rxe7 Nxe7 29. Qxe7 Ba6 30. Qxe6 Bd3 31. Ne5 Bc2 32. Nf7+ {
matmaster resigns} 1-0

[Event "ICS rated blitz match"]
[Site "204.178.125.65"]
[Date "2000.09.09"]
[Round "?"]
[White "kako"]
[Black "Hossa"]
[Result "0-1"]
[WhiteElo "2051"]
[BlackElo "2601"]
[PlyCount "87"]
[EventDate "2000.??.??"]

1. e4 e5 2. Nf3 Nc6 3. Bb5 a6 4. Bxc6 dxc6 5. d3 f6 6. Qe2 Be6 7. Be3 Bd6 8.
Nbd2 Ne7 9. b3 Bb4 10. O-O O-O 11. Rad1 Ng6 12. d4 Qe7 13. dxe5 Nxe5 14. Nxe5
fxe5 15. Nc4 Bc3 16. Bd2 Bxd2 17. Rxd2 Qg5 18. Rfd1 Bg4 19. Qe3 Qxe3 20. Nxe3
Bxd1 21. Rxd1 Rad8 22. Kf1 Rxd1+ 23. Nxd1 Rd8 24. Ke2 Rd4 25. f3 Kf7 26. Nf2 a5
27. Nd3 Kf6 28. Ke3 Rd8 29. Ke2 g5 30. h3 a4 31. Ke3 a3 32. Ke2 h6 33. Ke3 Ra8
34. Ke2 h5 35. Nf2 Rd8 36. Ke1 b6 37. Ke2 c5 38. Nd3 h4 39. Ke3 c6 40. Ke2 Ke6
41. Ke3 Rd4 42. Ke2 c4 43. Ne1 c5 44. c3 {kako resigns} 0-1

[Event "ICS rated blitz match"]
[Site "204.178.125.65"]
[Date "2000.09.09"]
[Round "?"]
[White "Hossa"]
[Black "kako"]
[Result "1/2-1/2"]
[WhiteElo "2602"]
[BlackElo "2050"]
[PlyCount "93"]
[EventDate "2000.??.??"]

1. d4 Nf6 2. c4 d6 3. Nc3 g6 4. Nf3 Bg7 5. g3 O-O 6. Bg2 Nbd7 7. O-O e5 8. dxe5
dxe5 9. Qc2 c6 10. Rd1 Qc7 11. e4 Nc5 12. Be3 Ne6 13. h3 Nd7 14. Qc1 Re8 15.
Bh6 a5 16. Bxg7 Kxg7 17. Qd2 Ndc5 18. Qd6 Qxd6 19. Rxd6 f6 20. Bf1 h6 21. Rad1
Ng5 22. Nxg5 hxg5 23. f3 Kf7 24. a3 a4 25. Kf2 Ke7 26. Kg2 Rh8 27. Kf2 Be6 28.
g4 Rad8 29. Rxd8 Rxd8 30. Rxd8 Kxd8 31. Ke3 Kc7 32. Bd3 Kb6 33. Be2 Ka5 34. Bf1
Bf7 35. Kd2 Be6 36. Bd3 Bf7 37. Be2 Be6 38. Ke1 Nb3 39. Bf1 Nd4 40. Kf2 Bf7 41.
Bd3 Be6 42. Kg2 Bf7 43. Kg3 Be6 44. Kf2 Bf7 45. Ke3 Be6 46. Kf2 Bf7 47. Ke3
1/2-1/2

[Event "ICS rated blitz match"]
[Site "204.178.125.65"]
[Date "2000.09.09"]
[Round "?"]
[White "brutus"]
[Black "Hossa"]
[Result "1/2-1/2"]
[WhiteElo "2196"]
[BlackElo "2587"]
[PlyCount "178"]
[EventDate "2000.??.??"]

1. e4 e5 2. Nf3 Nc6 3. Bb5 a6 4. Ba4 d6 5. c3 Bd7 6. d4 Nf6 7. d5 Ne7 8. Bxd7+
Qxd7 9. Qd3 Qg4 10. O-O Qxe4 11. Qxe4 Nxe4 12. c4 b5 13. b3 c6 14. dxc6 Nxc6
15. Nbd2 Nc5 16. Ba3 b4 17. Bb2 Nd3 18. Bc1 Be7 19. Ne4 f5 20. Ng3 e4 21. Ne1
Bf6 22. Rb1 Nxc1 23. Rxc1 g6 24. Nc2 Be5 25. f4 Bc3 26. Ne2 Bb2 27. Rcd1 Rd8
28. Ned4 Nxd4 29. Nxd4 Bxd4+ 30. Rxd4 h5 31. h4 Rh7 32. Rfd1 Rhd7 33. Rd5 Ke7
34. Kf2 Rc8 35. Ke3 Rc5 36. Rxc5 dxc5 37. Rxd7+ Kxd7 38. Kd2 Kc6 39. Ke3 a5 40.
Kd2 Kb6 41. Ke3 a4 42. Kd2 Kc6 43. Ke3 Kd6 44. Kd2 a3 45. Ke3 Kc6 46. Kd2 Kc7
47. Ke3 Kd6 48. Kd2 Kc6 49. Ke3 Kd7 50. Kd2 Ke7 51. Ke3 Ke8 52. Kd2 Kd8 53. Ke3
Kc7 54. Kd2 Kd7 55. Ke3 Ke6 56. Kd2 Kf7 57. Ke3 Kg7 58. Kd2 Kh7 59. Ke3 Kh8 60.
Kd2 Kg8 61. Ke3 Kf7 62. Kd2 Kf8 63. Ke3 Kg8 64. Kd2 Kh8 65. Ke3 Kh7 66. Kd2 Kh6
67. Ke3 g5 68. hxg5+ Kg6 69. Kd2 Kg7 70. Ke3 h4 71. Kd2 Kf7 72. Ke3 Kg6 73. Kd2
Kh5 74. Ke3 Kg6 75. Ke2 Kh5 76. Ke3 Kg6 77. Ke2 Kh5 78. Ke3 Kg6 79. Ke2 Kh5 80.
Ke3 Kg6 81. Ke2 Kh5 82. Ke3 Kg6 83. Ke2 Kh5 84. Ke3 Kg6 85. Ke2 Kh5 86. Ke3 Kg6
87. Ke2 Kh5 88. Ke3 Kg6 89. Ke2 Kh5 1/2-1/2

[Event "ICS rated blitz match"]
[Site "204.178.125.65"]
[Date "2000.09.09"]
[Round "?"]
[White "Hossa"]
[Black "kako"]
[Result "1-0"]
[WhiteElo "2574"]
[BlackElo "2071"]
[PlyCount "69"]
[EventDate "2000.??.??"]

1. d4 Nf6 2. c4 g6 3. Nc3 d6 4. e4 Bg7 5. f3 O-O 6. Bg5 c5 7. dxc5 dxc5 8. Qxd8
Rxd8 9. e5 Nfd7 10. Nd5 Nxe5 11. Nc7 Na6 12. Nxa8 Be6 13. Nc7 Nxc7 14. Bxe7 Re8
15. Bd6 Na6 16. O-O-O Nxc4 17. Bxc4 Bxc4 18. b3 Bb5 19. a4 Bc6 20. Nh3 c4 21.
bxc4 Bxa4 22. Rde1 Rc8 23. Re4 Bb5 24. Kd2 Bxc4 25. Rc1 b5 26. Rd1 Bd5 27. Re3
b4 28. Ke1 Bc4 29. Nf4 Bc3+ 30. Kf2 Nc5 31. Ne2 Bf6 32. Rc1 b3 33. Rxc4 b2 34.
Rxc5 Rxc5 35. Re8+ {kako resigns} 1-0

[Event "ICS rated blitz match"]
[Site "204.178.125.65"]
[Date "2000.09.09"]
[Round "?"]
[White "kako"]
[Black "Hossa"]
[Result "0-1"]
[WhiteElo "2069"]
[BlackElo "2576"]
[PlyCount "52"]
[EventDate "2000.??.??"]

1. e4 e5 2. Nf3 Nc6 3. Bb5 a6 4. Bxc6 dxc6 5. d3 f6 6. Be3 Be6 7. Qe2 Bd6 8.
Nbd2 Ne7 9. b3 Bb4 10. O-O O-O 11. Rad1 Ng6 12. d4 Qe7 13. dxe5 fxe5 14. Bg5
Qf7 15. Qe3 b6 16. h3 h6 17. Bh4 Bc5 18. Qe1 Qf4 19. g3 Qf7 20. Kh2 a5 21. Qe2
a4 22. g4 axb3 23. axb3 Nxh4 24. Nxh4 Ra2 25. Ndf3 Bxb3 26. Rd2 Bc4 {
kako resigns} 0-1